000 00633nam a2200205Ia 4500
003 IN-BaIIA
008 211028s9999 xx 000 0 eng d
020 _a0-470-74805-2
040 _cIIA Library
080 _a524.834
_bSAK
100 _aSaakyan, G. S.
_99718
245 0 _aEquilibrium configurations of degenerate gaseous masses
_cG. S. Saakyan
260 _aNew York
_bJohn Wiley & Sons
_c1974
300 _axii, 294p.
650 _aAstronomy and astrophysics thesaurus
650 _aGravitation
650 _aNeutron stars
_97729
650 _aWhite dwarfs
_96553
942 _cBK
999 _c5596
_d5596